Fortnite Snipers - Statistics

General Stats
  • This quiz has been taken 40 times
  • The average score is 6 of 16
Answer Stats
First Appearance Last Appearance Gray Green Blue Purple Gold Answer % Correct
C1 S5 C2 REMIX Heavy
94%
OG C2 REMIX Bolt Action
90%
OG C2 REMIX Semi-Auto
74%
C1 S3 C6 S1 Hunting Rifle
68%
C5 S1 C5 S2 Reaper
45%
C1 S7 C4 OG Suppressed
39%
C2 S7 C6 S1 Railgun
35%
C1 S9/ C2 S5 C4 S2 Storm Scout
29%
C2 S5 C4 S1 Boom
26%
C2 S5 C4 S3 Dragons Breath
23%
C1 SX C2 S8 Automatic
16%
C2 S5 C2 S5 Amban
13%
C3 S1 C3 S4 Hunter Bolt Action
13%
C2 S3 C2 S5 Lever Action
13%
C4 S3 C6 S1 Explosive Repeater Rifle
10%
OG C1 S4 Zapotron
6%
No matching quizzes found
Score Distribution
Percent of People with Each Score
Percentile by Number Answered
Your Score History
You have not taken this quiz